000 00372 a2200169 4500
001 68632
020 _a8532237614
040 _cAnchieta - Itaigara
100 _aJosé, Elias
240 1 0 _aO incrível bicho-homem
_lpor
245 1 0 _aO incrível bicho-homem
300 _a55
362 0 _a1999
440 1 _aFTD
650 4 _aLiteratura infanto-juvenil
942 _cBK
999 _c68632
_d68632